00527nam a22001577a 4500003000900000005001700009008003000026020001800056040002500074100003000099245006700129260004600196300002700242500007300269504002700342DO-SdBNP20240404094740.0210825b 2020 dr 00| 0 eng d a9789945096156 aDO-SdBNPbspacBNPHU1 aCruz Sánchez, Filiberto13aLa independencia de Estados Unidos /cFiliberto Cruz Sánchez aSanto Domingo :bEl Nuevo Diario ;c2020. a55 p. :bil. ;c21 cm. aIncluye referencias bibliográficas y notas al pie de las páginas aBibliografía : p. 55